Visualizzazione normale
Vista MARC
- Alberione, Tiago [Giacomo]
di Personal Name
Records bibliografici associati: 4
001 - CONTROL NUMBER
- control field: 147
003 - CONTROL NUMBER IDENTIFIER
- control field: IT-RoPau
005 - DATE AND TIME OF LATEST TRANSACTION
- control field: 20130110111833.0
008 - FIXED-LENGTH DATA ELEMENTS
- fixed length control field: 130110|| aca||aabn | a|a d
040 ## - CATALOGING SOURCE
- Original cataloging agency: IT-RoPau
- Transcribing agency: IT-RoPau
100 ## - HEADING--PERSONAL NAME
- Personal name: Alberione, Tiago [Giacomo]
- Fuller form of name: Fondatore Famiglia Paolina
670 ## - SOURCE DATA FOUND
- Source citation: Work cat.: (IT-RoPau): Alberione, Tiago [Giacomo] Fondatore Famiglia Paolina , Sacerdote eis a tua meditaçao, 1957